书目信息 |
| 题名: |
食品冷冻干燥技术与设备
|
|
| 作者: | 段续 著 | |
| 分册: | ||
| 出版信息: | 北京 化学工业出版社 2017.10 |
|
| 页数: | 244页 | |
| 开本: | 24cm | |
| 丛书名: | ||
| 单 册: | ||
| 中图分类: | TS205.7 | |
| 科图分类: | ||
| 主题词: | 食品冷藏--真空干燥 | |
| 电子资源: | ||
| ISBN: | 978-7-122-30570-1 | |
| 000 | 00931nam0 2200229 450 | |
| 001 | 4578 | |
| 005 | 20181012133215.55 | |
| 010 | @a978-7-122-30570-1@dCNY88.00 | |
| 100 | @a20180217d2017 em y0chiy50 ea | |
| 101 | 0 | @achi |
| 102 | @aCN@b110000 | |
| 105 | @aa z 000yy | |
| 200 | 1 | @a食品冷冻干燥技术与设备@9shi pin leng dong gan zao ji shu yu she bei@f段续著 |
| 210 | @a北京@c化学工业出版社@d2017.10 | |
| 215 | @a244页@c图@d24cm | |
| 314 | @a段续,男,毕业于江南大学食品学院获博士学位,河南省高校科技创新人才,河南省高校青年骨干教师,现任河南科技大学食品与生物工程学院教授,硕士生导师。在国内外学术刊物上发表学术论文60多篇,其中SCI收录26篇。 | |
| 330 | @a本书汇集作者多年的科研成果,对食品冷冻干燥技术中的关键技术进行了深入而细致的介绍,对实践工作将有极大指导作用。 | |
| 606 | 0 | @a食品冷藏@x真空干燥 |
| 690 | @aTS205.7@v5 | |
| 701 | 0 | @a段续@9duan xu@4著 |
| 801 | 0 | @aCN@b91MARC@c20180217 |
| 905 | @aMuseLib@dTS205.7@e292 | |
| 食品冷冻干燥技术与设备/段续著.-北京:化学工业出版社,2017.10 |
| 244页:图;24cm |
| ISBN 978-7-122-30570-1:CNY88.00 |
| 本书汇集作者多年的科研成果,对食品冷冻干燥技术中的关键技术进行了深入而细致的介绍,对实践工作将有极大指导作用。 |
| ● |
| 相关链接 |
|
|
|
|
正题名:食品冷冻干燥技术与设备
索取号:TS205.7/292
 
预约/预借
| 序号 | 登录号 | 条形码 | 馆藏地/架位号 | 状态 | 备注 |
| 1 | 1125801 | 211258011 | 第二样本阅览室/ [索取号:TS205.7/292] | 在馆 | |
| 2 | 1125802 | 211258020 | 密集书库-生命科学系/ [索取号:TS205.7/292] | 在馆 | |
| 3 | 1125803 | 211258039 | 第三借阅区/ [索取号:TS205.7/292] | 在馆 | |
| 4 | 1125804 | 211258048 | 第三借阅区/ [索取号:TS205.7/292] | 在馆 | |
| 5 | 1125805 | 211258057 | 第三借阅区/ [索取号:TS205.7/292] | 在馆 |